000 01102nam a2200301 a 4500
001
003 DO-SdBNP
005 20220408112738.0
008 111027s2011 dr r 000 0 spa d
020 _a9789945074284
040 _aDO-SdBNP
_bspa
_cBPMSU
082 _a016.027
_bA673g 2011
_222
245 0 0 _aArchivo General de la Nación :
_bBibliohemerografía archivística. Un aporte 1867-2011 /
_ceditor Luis Alfonso Escolano Giménez.
260 _aSanto Domingo :
_bArchivo General de la Nación,
_c2011.
300 _a219 p. ;
_c23 cm.
490 0 _aArchivo General de la Nación,
_v136
504 _aIncluye referencias bibliográficas y notas al pie de las páginas
590 _aInventariado, 2019/BT
650 _a
651 4 _aRepública Dominicana
_xHistoria
_vBibliografías
700 1 _aEscolano Giménez, Luis Alfonso,
_eeditor
710 2 _aArchivo General de la Nación (República Dominicana)
810 z _aRepública Dominicana.
_bArchivo General de la Nación
810 z _aAGN
830 _aArchivo General de la Nación
910 _aVMateo V.
942 _2ddc
_cBK
999 _c14154
_d14154